| 000 | 00708nam a2200241Ia 4500 | ||
|---|---|---|---|
| 003 | OSt | ||
| 005 | 20221007082453.0 | ||
| 006 | a|||||r|||| 00| 0 | ||
| 007 | ta | ||
| 008 | 221006b |||||||| |||| 00| 0 eng d | ||
| 024 | _a10,971 | ||
| 037 | _cReference Collections | ||
| 040 |
_aFLL _cFLL _beng |
||
| 041 |
_2eng _aeng |
||
| 082 | _aY:356(Q2:427):Z2qNGt, M2 | ||
| 110 | _aGovt. of india | ||
| 245 | 0 | _aJoint committee of the houses to examine the question of the working of the dowry prohibition act, 1961 | |
| 260 | _c1982 | ||
| 300 |
_a287p _ccm. |
||
| 700 | _aGovt. of india | ||
| 942 |
_hY:356(Q2:427):Z2qNGt, M2 _cREF _2CC |
||
| 999 |
_c1166543 _d1166543 |
||